La pintura china (Record no. 2507)

MARC details
000 -CABECERA
campo de control de longitud fija 00880nam a2200265 a 4500
001 - NÚMERO DE CONTROL
campo de control BRCA_2767
005 - FECHA Y HORA DE LA ÚLTIMA TRANSACCIÓN
campo de control 20190320203947.0
008 - DATOS DE LONGITUD FIJA--INFORMACIÓN GENERAL
campo de control de longitud fija 051208s1954----mx-a---###---#000-0#spa-u
050 #4 - SIGNATURA TOPOGRÁFICA DE LA BIBLIOTECA DEL CONGRESO
Número de clasificación ND1040
Número de documento/Ítem .B76 1954
100 1# - ENTRADA PRINCIPAL--NOMBRE DE PERSONA
Nombre de persona Brodrick, Alan Houghton
9 (RLIN) 7782
245 10 - MENCIÓN DE TÍTULO
Título La pintura china
Mención de responsabilidad, etc. A. Houghton Brodrick ; tr. de Zarina Lacy y Ricardo Martínez.
260 ## - PUBLICACIÓN, DISTRIBUCIÓN, ETC.
Lugar de publicación, distribución, etc. México
Nombre del editor, distribuidor, etc. FCE
Fecha de publicación, distribución, etc. 1954
300 ## - DESCRIPCIÓN FÍSICA
Extensión 155 p.
Otras características físicas il., [48] láminas
Dimensiones 17 cm.
440 #0 - MENCIÓN DE SERIE/PUNTO DE ACCESO ADICIONAL--TÍTULO
Título Breviarios del Fondo de Cultura Económica
Número de parte o sección de la obra 99
9 (RLIN) 7783
500 ## - NOTA GENERAL
Nota general Incluye explicación de láminas y apéndice.
500 ## - NOTA GENERAL
Nota general Traducción de: An outline of chinese painting
500 ## - NOTA GENERAL
Nota general AA84
504 ## - NOTA DE BIBLIOGRAFÍA, ETC.
Nota de bibliografía, etc. Bibliografía: p. 93-94
650 14 - PUNTO DE ACCESO ADICIONAL DE MATERIA--TÉRMINO DE MATERIA
Término de materia o nombre geográfico como elemento de entrada Pintura China
9 (RLIN) 1214
650 14 - PUNTO DE ACCESO ADICIONAL DE MATERIA--TÉRMINO DE MATERIA
Término de materia o nombre geográfico como elemento de entrada Pintura
Subdivisión general Historia
9 (RLIN) 7784
700 1# - PUNTO DE ACCESO ADICIONAL--NOMBRE DE PERSONA
Nombre de persona Lacy, Zarina
Término indicativo de función/relación tr.
9 (RLIN) 7785
700 1# - PUNTO DE ACCESO ADICIONAL--NOMBRE DE PERSONA
Nombre de persona Martínez, Ricardo
Término indicativo de función/relación tr.
9 (RLIN) 7786
902 ## - CATALOGADOR
Iniciales GFM
942 ## - ELEMENTOS DE PUNTO DE ACCESO ADICIONAL (KOHA)
Fuente del sistema de clasificación o colocación Library of Congress Classification
Tipo de ítem Koha Libros
Holdings
Estado de retiro Estado de pérdida Estado dañado No para préstamo Localización permanente Ubicación/localización actual Fecha de adquisición Número de inventario Total de préstamos Signatura topográfica completa Código de barras Fecha visto por última vez Precio válido a partir de Tipo de ítem Koha
El ejemplar forma parte de la colección y puede ser consultado según las políticas vigentes.       Biblioteca del Museo Franz Mayer (Rogerio Casas-Alatriste) Biblioteca del Museo Franz Mayer (Rogerio Casas-Alatriste) 05/12/2008 AA84   ND1040 .B76 1954 (AA84) 2764 22/03/2019 22/03/2019 Libros